000 00496nam a2200193Ia 4500
003 STCL
008 221019s9999 xx 000 0 und d
020 _a9788182676466
040 _aSTCL
_cSTCL
_bEN
082 _222
100 _aVinodkrishnan
245 0 _aപാടാത്ത വീണയും പാടും
246 _aPaadaatha veenayum padum
260 _bMathrubhumi Books
_aKozhikode
_c2018
300 _a278 p
365 _b300
546 _aMalayalam
942 _cBK
_2DDC
_e22
999 _c88444
_d88444